| 000 | 00758nam a2200229 i 4500 | ||
|---|---|---|---|
| 003 | DO-SdBNP | ||
| 005 | 20231121083215.0 | ||
| 006 | a||||gr|||| 00| 0 | ||
| 007 | ta | ||
| 008 | 231121e2000 dr ao||| |||| 00| 0 spa d | ||
| 040 |
_aDO-SdBNP _bspa _cBNPHU _erda |
||
| 082 | 4 |
_222 _bJ61r |
|
| 100 | 1 |
_aJiménez Olavarrieta, José de Jesús, _d1937- _979895 _eautor |
|
| 245 | 1 | 0 |
_aRecuerdos de mi vida: _blapso 1937 - 2000 _cJosé de Jesús Jiménez Olavarrieta. |
| 264 | 2 |
_aSantiado de los Caballeros: _bCentral, C. por A., _c2000 |
|
| 300 |
_a135 páginas : _bfotografías ; _c21 cm. |
||
| 336 |
_2rdacontent _atexto _btxt |
||
| 337 |
_2rdamedia _asin mediación _bn |
||
| 338 |
_2rdacarrier _avolumen _bnc |
||
| 590 | _aInventariado 2023 / MF | ||
| 942 |
_2ddc _cLBS1 |
||
| 999 |
_c55528 _d55528 |
||